000 00737nam a2200229 a 4500
008
020 _a0471096865 (cased)
049 _aMAIN
090 _aQD96.P62
_bIND
245 _aInductively coupled plasma emission spectroscopy :
_npart1: methodology, instrumentation, and performance/ edited by P.W.J.M. Boumans
260 _aNew York:
_b John Wiley & Sons,
_c1987
300 _axi, 584p. :
_bill. ;
_c23cm
440 _a(Chemical analysis; v.90).
500 _aIncludes index.
650 _aPlasma spectroscopy.
700 _aBoumans, P.W.J.M.
907 _a.b10119176
_b13-02-13
_c23-04-04
003
005 20230123133703.0
040 _cNUST
942 _cBOOKS
_kQD96.P62
_mIND
999 _c152876
_d152876